Generator Puzzle #46 - Statistics

General Stats
  • This quiz has been taken 194 times
  • The average score is 15 of 21
Answer Stats
Answer % Correct
extraterrestrial alien
92%
____ vera, a skin emollient aloe
91%
by oneself alone
89%
female deer doe
88%
the male has a mane lion
88%
goes with green, fin and ice land
85%
narrow road lane
83%
away from the sea inland
81%
hotel, or ale-house inn
81%
much of this, about nothing ado
80%
eat a meal dine
80%
element used in lighting tubes neon
79%
refusal to accept a claimed fact denial
74%
strange, peculiar odd
69%
woven from flax fibers linen
67%
what Monty Python's parrot was dead
60%
perfect, most suitable ideal
59%
valley dale
56%
lazy idle
54%
9-letter word DANDELION
49%
silly, nonsensical, pointless inane
43%
No matching quizzes found
Score Distribution
Percent of People with Each Score
Percentile by Number Answered
Your Score History
You have not taken this quiz